000 00566nam a2200229 a 4500
001 0001-1418
003 ELIB.Books
008 160805 2010 eng
020 _aKBTS
035 _a(ELIB.Books)0001-1573
092 _a242.2 Gui
_bGui
100 _aGuideposts
245 _aDaily Guideposts 2011, 2007
260 _aNew York
_bGuideposts
_c2011
300 _a624
_c21.5 Cm
650 _aDevotional
856 _nKBTS Library
_uKBTS: ELIB
942 _2ddc
_cBK
990 _a2
998 _cbat
_e2016-08-05
_mcat
_u2019-07-04
999 _c11418
_d11418